000 00610nam a2200181Ia 4500
008 090123s9999 xx 000 0 und d
082 _b6260
100 _aदेसाई वसंत
245 _aमहात्मा ज्योतिराव फुले
250 _a2
260 _bकुलकर्णी अ.अ.
300 _a127
600 _aदेसाई वसंत
630 _aमहात्मा ज्योतिराव फुले
700 _aदेसाई वसंत
730 _aमहात्मा ज्योतिराव फुले
942 _cBOOK
999 _c44324
_d44324